=LDR 00000nam 2200000 4500 =001 INLIS000000000005856 =005 20251029110052 =035 ##$$a 0010-1025000911 =007 ta =008 251029###########################0#ind## =082 ##$$a 332.6730958 =084 ##$$a 332.6730958 BAD k =245 1#$$a Kredit Pengembangan Kemitraan Usaha : $b - /$c Badan Koordinasi Keluarga Berencana Nasional =260 ##$:$b Badan Koordinasi Keluarga Berencana Nasional =300 ##$$a 11 hal : $b ilus ; $c 23 cm =650 #4$$a Keluarga Berencana =110 #$$a Badan Koordinasi Keluarga Berencana Nasional =856 ##$$a Perpustakaan Kemendukbangga